00688 a2200181 45000010006000000050017000060080041000230030015000640400040000790800077001192450055001960200018002512640032002693000018003010410008003191000057003278560122003843025420260407155614.0260407a1998 arg spa dAR-UNSa-BCEJYS aAR-UNSa-BCEJYSbspacAR-UNSa-BCEJYS a311.3xOrganización general de las estadisticas. Estadística oficial10aSinopsis estadísticanStatistical Synopsisp1998 a950-896-177-5 1aBuenos Aires :bINDECc1998 a53 p.c21 cm. aspa1 aInstituto Nacional de Estadística y Censos (INDEC)41uhttps://biblioeco.unsa.edu.ar/pmb/images/revistas/Sinopsis Estadistica 1998-d00017.jpgyImagen de portadaqimage/jpeg